HTML : illustrated complete /

This book is about: Creating an HTML document; Controlling HTML Text; Adding graphics and Multimedia; Using forms to control input; ...

Đã lưu trong:
Chi tiết về thư mục
Tác giả chính: Reding, Elizabeth Eisner.
Tác giả khác: Vodnik, Sasha.
Định dạng: Sách
Ngôn ngữ:English
Được phát hành: Cambridge, Mass. ; London : Course Technology, 1999.
Những chủ đề:
Các nhãn: Thêm thẻ
Không có thẻ, Là người đầu tiên thẻ bản ghi này!
Thư viện lưu trữ: Mạng thư viện Đại học Đà Nẵng
LEADER 01083cam a2200349 i 4500
001 000048317
003 8030
005 20030306160156.0
008 010322|1999 vm 000 eng
020 |a 0760058423 
040 |a IRC  |c IRC  |d IRC 
041 0 |a eng 
082 1 4 |a 005.7221  |b RE-E 
100 1 |a Reding, Elizabeth Eisner. 
245 0 0 |a HTML :  |b illustrated complete /  |c Elizabeth Eisner Reding, Sasha Vodnik. 
260 |a Cambridge, Mass. ; London :  |b Course Technology,  |c 1999. 
300 |a 1 v. (various pagings) :  |b col. ill. ;  |c 27.5cm. 
520 3 |a This book is about: Creating an HTML document; Controlling HTML Text; Adding graphics and Multimedia; Using forms to control input; ... 
630 0 4 |a HTML. 
630 0 4 |a Document markup language. 
650 0 4 |a HTML (Document markup language) 
700 1 |a Vodnik, Sasha. 
OWN |a DUT 
999 |a From the UDN01 
TYP |a Monograph 
TYP |a Printed language 
980 |a Mạng thư viện Đại học Đà Nẵng